[Event "XXXIV Torneo A di Capodanno"]
[Site "Reggio nell'Emilia ITA"]
[Date "1991.12.27"]
[Round "1"]
[White "Ivanchuk, Vassily"]
[Black "Gelfand, Boris"]
[Result "1/2-1/2"]
[WhiteElo "2735"]
[BlackElo "2665"]
[PlyCount "47"]
[EventDate "1991.12.27"]

1. d4 Nf6 2. c4 g6 3. Nc3 Bg7 4. e4 d6 5. f3 O-O 6. Be3 c5 7. dxc5 dxc5 8. Bxc5
Nc6 9. Qxd8 Rxd8 10. Ba3 e6 11. Nge2 b6 12. Na4 Bh6 13. Rd1 Ba6 14. Nec3 Nd4
15. Bd3 Nh5 16. Kf2 Nf4 17. Bb1 Bxc4 18. Be7 Rd7 19. Bf6 Bg7 20. Bxg7 Kxg7 21.
b3 Ba6 22. g3 Nh5 23. Nd5 Nc6 24. Ne3 1/2-1/2

[Event "XXXIV Torneo A di Capodanno"]
[Site "Reggio nell'Emilia ITA"]
[Date "1991.12.27"]
[Round "1"]
[White "Karpov, Anatoly"]
[Black "Beliavsky, Alexander G."]
[Result "1-0"]
[WhiteElo "2730"]
[BlackElo "2655"]
[PlyCount "82"]
[EventDate "1991.12.27"]

1. d4 e6 2. c4 Nf6 3. Nf3 d5 4. Nc3 Be7 5. Bg5 O-O 6. e3 h6 7. Bh4 b6 8. Be2
Bb7 9. Bxf6 Bxf6 10. cxd5 exd5 11. O-O Qe7 12. Qb3 Rd8 13. Rad1 c6 14. Rfe1 Bc8
15. Qc2 c5 16. e4 dxe4 17. Nxe4 Nc6 18. dxc5 Bf5 19. Nxf6+ Qxf6 20. Qc1 Nb4 21.
cxb6 axb6 22. Rxd8+ Rxd8 23. a3 Rc8 24. Qf4 Nd3 25. Bxd3 Bxd3 26. Qxf6 gxf6 27.
h3 Rc2 28. Re3 Bc4 29. Rc3 Rxc3 30. bxc3 Kf8 31. Nd2 Ba6 32. f3 Ke7 33. Kf2 Kd6
34. Ke3 Kd5 35. h4 Ke5 36. c4 Bc8 37. g3 Be6 38. Kd3 Bf5+ 39. Ne4 Be6 40. Nf2
Bf5+ 41. Kc3 Bd7 1-0

[Event "XXXIV Torneo A di Capodanno"]
[Site "Reggio nell'Emilia ITA"]
[Date "1991.12.28"]
[Round "2"]
[White "Beliavsky, Alexander G."]
[Black "Ivanchuk, Vassily"]
[Result "1/2-1/2"]
[WhiteElo "2655"]
[BlackElo "2735"]
[PlyCount "74"]
[EventDate "1991.12.27"]

1. d4 Nf6 2. c4 e6 3. Nf3 b6 4. g3 Ba6 5. b3 d5 6. cxd5 exd5 7. Bg2 Bb4+ 8. Bd2
c5 9. dxc5 Bxc5 10. b4 Bd6 11. Nc3 Bc4 12. Bf4 O-O 13. Bxd6 Qxd6 14. a3 Nbd7
15. O-O a5 16. Nd2 Ba6 17. b5 Bb7 18. e3 Nc5 19. Nf3 Rac8 20. Nd4 g6 21. Nce2
Nce4 22. Ra2 Rc4 23. Qa1 Rfc8 24. Qb2 h5 25. Raa1 R8c5 26. Nf4 Nc3 27. Rfe1 Rc8
28. Bf1 R4c7 29. Bh3 Re8 30. Rac1 Na4 31. Qa1 Ne4 32. Rxc7 Qxc7 33. Rc1 Nac5
34. Rd1 Rd8 35. Bg2 Rd6 36. Rc1 Qb8 37. Rc2 h4 1/2-1/2

[Event "XXXIV Torneo A di Capodanno"]
[Site "Reggio nell'Emilia ITA"]
[Date "1991.12.29"]
[Round "3"]
[White "Gurevich, Mikhail N."]
[Black "Polugaevsky, Lev"]
[Result "1/2-1/2"]
[WhiteElo "2630"]
[BlackElo "2630"]
[PlyCount "83"]
[EventDate "1991.12.27"]

1. d4 Nf6 2. c4 e6 3. Nc3 Bb4 4. e3 O-O 5. Bd3 d5 6. cxd5 exd5 7. Nge2 Re8 8.
O-O Bd6 9. f3 c5 10. Qe1 Nc6 11. Qh4 Be7 12. Qf2 a6 13. g4 b5 14. Ng3 b4 15.
Nce2 a5 16. g5 Nd7 17. f4 Ba6 18. Bxa6 Rxa6 19. h4 Nf8 20. f5 Bd6 21. Bd2 Qb6
22. Kg2 cxd4 23. exd4 Bxg3 24. Nxg3 Qxd4 25. Qxd4 Nxd4 26. Rad1 Nc6 27. Bf4 d4
28. Rfe1 Rd8 29. Rd2 Nd7 30. Rc1 f6 31. Rc4 Nde5 32. Bxe5 Nxe5 33. Rcxd4 Rxd4
34. Rxd4 Rc6 35. Ne4 Rc2+ 36. Kg3 Rxb2 37. Rd8+ Kf7 38. Ra8 Rxa2 39. Ra7+ Kf8
40. Nc5 Ra3+ 41. Kf2 Ra2+ 42. Kg3 1/2-1/2

[Event "XXXIV Torneo A di Capodanno"]
[Site "Reggio nell'Emilia ITA"]
[Date "1991.12.29"]
[Round "3"]
[White "Ivanchuk, Vassily"]
[Black "Salov, Valery"]
[Result "1/2-1/2"]
[WhiteElo "2735"]
[BlackElo "2665"]
[PlyCount "59"]
[EventDate "1991.12.27"]

1. d4 Nf6 2. c4 e6 3. g3 d5 4. Bg2 Bb4+ 5. Nd2 O-O 6. Ngf3 b6 7. O-O Bb7 8. Ne5
Re8 9. Ndf3 Bf8 10. Ng5 Re7 11. b3 h6 12. Ngf3 c5 13. Bb2 Na6 14. Rc1 Rc8 15.
e3 Rec7 16. Qe2 dxc4 17. Rxc4 Nb4 18. a3 Nc6 19. Nxc6 Bxc6 20. Rcc1 cxd4 21.
Nxd4 Bxg2 22. Rxc7 Rxc7 23. Kxg2 Qd5+ 24. f3 Bc5 25. e4 Qd8 26. Rd1 Rd7 27. Nc6
Qc7 28. Nd4 Qd8 29. Nc6 Qc7 30. Nd4 1/2-1/2

[Event "XXXIV Torneo A di Capodanno"]
[Site "Reggio nell'Emilia ITA"]
[Date "1991.12.30"]
[Round "4"]
[White "Polugaevsky, Lev"]
[Black "Beliavsky, Alexander G."]
[Result "1-0"]
[WhiteElo "2630"]
[BlackElo "2655"]
[PlyCount "83"]
[EventDate "1991.12.27"]

1. d4 Nf6 2. c4 e6 3. Nf3 Bb4+ 4. Bd2 Qe7 5. g3 Nc6 6. Nc3 Bxc3 7. Bxc3 Ne4 8.
Rc1 O-O 9. Bg2 d6 10. O-O Nxc3 11. Rxc3 e5 12. d5 Nb8 13. Nd2 Nd7 14. e4 a5 15.
Qe2 Nc5 16. f4 Bd7 17. f5 f6 18. b3 Rfb8 19. a4 c6 20. h4 Be8 21. dxc6 bxc6 22.
g4 Rb4 23. Rff3 Qa7 24. Rfe3 Kf8 25. g5 Ke7 26. Kh2 Kd8 27. Rg3 Qf7 28. Bf3
Rab8 29. Qe3 Kc7 30. Bd1 R4b7 31. Qg1 Kb6 32. g6 Qg8 33. Rcd3 Rd7 34. b4 axb4
35. Nb3 Qxc4 36. gxh7 Bf7 37. a5+ Kc7 38. Nxc5 dxc5 39. Rxd7+ Kxd7 40. Rxg7 Kd6
41. Qg2 b3 42. Be2 1-0

[Event "XXXIV Torneo A di Capodanno"]
[Site "Reggio nell'Emilia ITA"]
[Date "1992.01.03"]
[Round "7"]
[White "Gelfand, Boris"]
[Black "Gurevich, Mikhail N."]
[Result "1/2-1/2"]
[WhiteElo "2665"]
[BlackElo "2630"]
[PlyCount "72"]
[EventDate "1991.12.27"]

1. e4 e6 2. d4 d5 3. Nc3 Nf6 4. Bg5 dxe4 5. Nxe4 Nbd7 6. Nf3 Be7 7. Nxf6+ Bxf6
8. Bxf6 Nxf6 9. Qd2 O-O 10. O-O-O b6 11. Ne5 Bb7 12. Bd3 Qd5 13. c4 Qd6 14. Qf4
c5 15. Rhe1 cxd4 16. Re3 Rac8 17. Rh3 Rc5 18. Re1 Bxg2 19. Rg3 Rxe5 20. Rxe5
Nh5 21. Qh6 f5 22. Qxh5 Qxe5 23. Rxg2 Qf4+ 24. Kd1 e5 25. Qg5 Qf3+ 26. Kd2 g6
27. c5 Qd5 28. Bxf5 e4 29. Bxg6 Qxg5+ 30. Rxg5 hxg6 31. cxb6 Rxf2+ 32. Ke1 Rxb2
33. bxa7 Rxa2 34. Rxg6+ Kf7 35. Rd6 d3 36. Rd4 Rxa7 1/2-1/2

[Event "XXXIV Torneo A di Capodanno"]
[Site "Reggio nell'Emilia ITA"]
[Date "1992.01.03"]
[Round "7"]
[White "Karpov, Anatoly"]
[Black "Polugaevsky, Lev"]
[Result "1/2-1/2"]
[WhiteElo "2730"]
[BlackElo "2630"]
[PlyCount "46"]
[EventDate "1991.12.27"]

1. d4 Nf6 2. c4 e6 3. Nf3 b6 4. g3 Ba6 5. b3 Bb4+ 6. Bd2 Be7 7. Bg2 c6 8. Bc3
d5 9. Nbd2 Nbd7 10. O-O O-O 11. Re1 c5 12. e4 dxc4 13. Nxc4 Bb7 14. Qd3 Rc8 15.
Rad1 b5 16. Ba5 Qe8 17. Ncd2 cxd4 18. e5 Nc5 19. Qxd4 Nd5 20. b4 Na6 21. a3 Qd7
22. Qxa7 Nc5 23. Ne4 Nxe4 1/2-1/2

[Event "XXXIV Torneo A di Capodanno"]
[Site "Reggio nell'Emilia ITA"]
[Date "1992.01.04"]
[Round "8"]
[White "Gurevich, Mikhail N."]
[Black "Beliavsky, Alexander G."]
[Result "1-0"]
[WhiteElo "2630"]
[BlackElo "2655"]
[PlyCount "75"]
[EventDate "1991.12.27"]

1. d4 Nf6 2. c4 e6 3. Nc3 Bb4 4. Qc2 O-O 5. Nf3 c5 6. dxc5 Na6 7. g3 Nxc5 8.
Bg2 Nfe4 9. O-O Bxc3 10. bxc3 d6 11. Nd4 f5 12. Nb3 Bd7 13. Nxc5 Nxc5 14. Bf4
e5 15. Be3 e4 16. f3 Qc7 17. Qd2 Bc6 18. Rad1 Rad8 19. Bf4 Qb6 20. Kh1 Rd7 21.
Bxd6 Qd8 22. Qd4 Ne6 23. Qe5 Re8 24. fxe4 Ng5 25. Qxf5 Nxe4 26. Be5 g6 27. Rxd7
gxf5 28. Rxd8 Rxd8 29. Bd4 Rf8 30. Kg1 h5 31. Bh3 Bd7 32. Rf4 Rf7 33. Bg2 Bc6
34. Rh4 Rh7 35. Bf3 Be8 36. Bxa7 Kg7 37. Bd4+ Kg6 38. Rxe4 1-0

[Event "XXXIV Torneo A di Capodanno"]
[Site "Reggio nell'Emilia ITA"]
[Date "1992.01.06"]
[Round "9"]
[White "Gelfand, Boris"]
[Black "Karpov, Anatoly"]
[Result "1/2-1/2"]
[WhiteElo "2665"]
[BlackElo "2730"]
[PlyCount "179"]
[EventDate "1991.12.27"]

1. d4 Nf6 2. c4 e6 3. Nf3 b6 4. a3 Bb7 5. Nc3 d5 6. Qa4+ c6 7. cxd5 exd5 8. g3
Bd6 9. Bg2 Nbd7 10. O-O O-O 11. Bf4 Qe7 12. Rad1 Rfe8 13. e3 c5 14. Bxd6 Qxd6
15. dxc5 bxc5 16. Qf4 Qxf4 17. gxf4 Rab8 18. b4 d4 19. exd4 cxb4 20. axb4 Bxf3
21. Bxf3 Rxb4 22. Nd5 Nxd5 23. Bxd5 Nf6 24. Bc6 Rd8 25. d5 Rxf4 26. Ra1 Rd6 27.
Rxa7 h5 28. f3 Nxd5 29. Bxd5 Rxd5 30. Ra3 Rg5+ 31. Kh1 Kh7 32. Re3 Kh6 33. Rg1
Ra5 34. Rd3 Rf6 35. Rc3 Rff5 36. Rd3 g6 37. Rc3 Ra4 38. Rd3 Kg7 39. Rc3 Kf6 40.
Re3 Re5 41. Rge1 Rxe3 42. Rxe3 Kf5 43. Re2 Kf4 44. Kg2 g5 45. Kf2 f5 46. Rb2 g4
47. fxg4 hxg4 48. Rc2 Ra3 49. Rb2 Kg5 50. Rb8 Ra2+ 51. Kg1 Rd2 52. Ra8 Kf4 53.
Ra3 Re2 54. Ra1 Kf3 55. Rf1+ Ke4 56. Ra1 f4 57. Rd1 Rc2 58. Re1+ Kf3 59. Rf1+
Ke3 60. Re1+ Re2 61. Ra1 Rc2 62. Re1+ Kd3 63. Rf1 f3 64. Ra1 Ke2 65. Rb1 Ra2
66. Rf1 Ke3 67. Rb1 Ra4 68. Rb3+ Kf4 69. Rb8 Ra1+ 70. Kf2 Ra2+ 71. Kg1 Rg2+ 72.
Kh1 Rd2 73. Kg1 Rg2+ 74. Kh1 Re2 75. Kg1 Rc2 76. Rb4+ Ke3 77. Rb3+ Ke2 78. Rb1
Rd2 79. Ra1 Rb2 80. Rf1 Ke3 81. Ra1 Rg2+ 82. Kh1 g3 83. Ra3+ Kf4 84. Ra4+ Kf5
85. hxg3 Rxg3 86. Kh2 Rg4 87. Ra5+ Kf4 88. Ra4+ Kg5 89. Ra3 f2 90. Rf3 1/2-1/2